[Event "Civil Service Ch 18th"]
[Site "Leeds"]
[Date "2008.07.23"]
[Round "1.1"]
[White "Maxwell, Alistair"]
[Black "Wolstencroft, Darryl"]
[Result "1/2-1/2"]
[WhiteElo "1930"]
[BlackElo "2105"]
[PlyCount "57"]
[EventDate "2008.07.23"]
[EventType "swiss"]
[EventRounds "5"]
[EventCountry "ENG"]
[SourceTitle "BritBase"]
[Source "John Saunders"]
[SourceDate "2024.12.03"]
[SourceVersion "1"]
[SourceVersionDate "2024.12.03"]
[SourceQuality "1"]

1. c4 f5 2. e4 fxe4 3. d3 Nf6 4. dxe4 e5 5. Bd3 a5 6. Nf3 d6 7. O-O Be7 8. h3 O-O 9. Nc3 c6 10. Be3 Nh5 11. c5 Nf4 12. cxd6 Bxd6 13. Bxf4 Rxf4 14. Bc4+ Kh8 15. Nxe5 Bxh3 16. Qh5 Bxe5 17. Qxe5 Rg4 18. g3 Bxf1 19. Bxf1 Nd7 20. Qf5 Rg5 21. Qf4 Qf6 22. Qe3 Rf8 23. Rd1 Nb8 24. f4 Rg6 25. e5 Qe7 26. Ne4 Nd7 27. Bh3 Nxe5 28. fxe5 Qxe5 29. Qd4 1/2-1/2

[Event "Civil Service Ch 18th"]
[Site "Leeds"]
[Date "2008.07.23"]
[Round "1.2"]
[White "Wager, John D"]
[Black "Bowers, Francis J"]
[Result "1/2-1/2"]
[WhiteElo "1985"]
[BlackElo "1790"]
[PlyCount "58"]
[EventDate "2008.07.23"]
[EventType "swiss"]
[EventRounds "5"]
[EventCountry "ENG"]
[SourceTitle "BritBase"]
[Source "John Saunders"]
[SourceDate "2024.12.03"]
[SourceVersion "1"]
[SourceVersionDate "2024.12.03"]
[SourceQuality "1"]

1. Nf3 Nf6 2. b3 c5 3. Bb2 Nc6 4. e3 d5 5. d4 Bg4 6. Nbd2 e6 7. h3 Bh5 8. Be2 Bd6 9. g4 Bg6 10. Ne5 Bxe5 11. dxe5 Nd7 12. O-O h5 13. f4 hxg4 14. Bxg4 Ne7 15. Rc1 Nf5 16. Qe1 Nh6 17. c4 Nxg4 18. hxg4 dxc4 19. Nxc4 Qh4 20. Qxh4 Rxh4 21. Nd6+ Ke7 22. Kg2 Rxg4+ 23. Kf3 Rh4 24. Rh1 Rah8 25. Rxh4 Rxh4 26. Kg3 Rh6 27. Nxb7 Be4 28. Nxc5 Rg6+ 29. Kh4 Rh6+ 1/2-1/2

[Event "Civil Service Ch 18th"]
[Site "Leeds"]
[Date "2008.07.23"]
[Round "1.3"]
[White "Thurlow, Kevin J"]
[Black "Keil, Andreas"]
[Result "0-1"]
[WhiteElo "1895"]
[BlackElo "1975"]
[PlyCount "76"]
[EventDate "2008.07.23"]
[EventType "swiss"]
[EventRounds "5"]
[EventCountry "ENG"]
[SourceTitle "BritBase"]
[Source "John Saunders"]
[SourceDate "2024.12.03"]
[SourceVersion "1"]
[SourceVersionDate "2024.12.03"]
[SourceQuality "1"]

1. c4 e6 2. Nc3 d5 3. d4 c6 4. Nf3 Nf6 5. Qc2 Nbd7 6. Bg5 Qa5 7. Bd2 dxc4 8. e4 b5 9. d5 cxd5 10. exd5 Qb6 11. dxe6 fxe6 12. Be2 Bc5 13. O-O Bb7 14. Ng5 Nf8 15. Nce4 Nxe4 16. Nxe4 Bd4 17. Bb4 Rd8 18. a4 Bxe4 19. Qxe4 a5 20. Bxf8 Rxf8 21. axb5 Rxf2 22. Rxf2 Bxf2+ 23. Kh1 Qe3 24. Qxc4 Ke7 25. Qg4 g6 26. Bf3 Rd4 27. Qh3 Rh4 28. Qxh4+ Bxh4 29. Bc6 Be1 30. g3 e5 31. Kg2 e4 32. b3 h5 33. Ra4 Qf2+ 34. Kh3 Qf1+ 35. Kh4 Qf6+ 36. Kh3 Qf5+ 37. Kg2 Bb4 38. Ra1 e3 0-1

[Event "Civil Service Ch 18th"]
[Site "Leeds"]
[Date "2008.07.23"]
[Round "1.4"]
[White "Brocklehurst, Andrew"]
[Black "Baker, Martin"]
[Result "1-0"]
[WhiteElo "1960"]
[BlackElo "1735"]
[PlyCount "105"]
[EventDate "2008.07.23"]
[EventType "swiss"]
[EventRounds "5"]
[EventCountry "ENG"]
[SourceTitle "BritBase"]
[Source "John Saunders"]
[SourceDate "2024.12.03"]
[SourceVersion "1"]
[SourceVersionDate "2024.12.03"]
[SourceQuality "1"]

1. e4 c5 2. Nf3 e6 3. Be2 Nc6 4. O-O d5 5. exd5 exd5 6. d4 Nf6 7. Bg5 Be7 8. dxc5 O-O 9. Nc3 d4 10. Bxf6 Bxf6 11. Ne4 Be7 12. Bb5 f5 13. Nd6 Bxd6 14. cxd6 Rf6 15. Bxc6 bxc6 16. d7 Qxd7 17. Qxd4 Rd6 18. Qc4+ Qe6 19. Qxe6+ Bxe6 20. Rfd1 Rad8 21. Rxd6 Rxd6 22. b3 h6 23. h4 c5 24. Kf1 Kf7 25. Ke2 Kf6 26. Rd1 Ra6 27. a4 c4 28. Nd4 cxb3 29. cxb3 Rb6 30. Nxe6 Kxe6 31. Rd3 g5 32. hxg5 hxg5 33. Kd2 a5 34. Kc3 Rc6+ 35. Kb2 Ke5 36. Rc3 Ra6 37. Rc5+ Ke4 38. Kc3 g4 39. b4 axb4+ 40. Kxb4 g3 41. fxg3 Rg6 42. Rc3 Kd4 43. Rf3 Ke5 44. a5 Rd6 45. Ra3 Rd2 46. a6 Rb2+ 47. Kc5 Rc2+ 48. Kb6 Rb2+ 49. Kc7 Rc2+ 50. Kd7 Rd2+ 51. Ke7 Rxg2 52. a7 Rh2 53. Kf7 1-0

[Event "Civil Service Ch 18th"]
[Site "Leeds"]
[Date "2008.07.23"]
[Round "1.5"]
[White "Woods, Timothy J"]
[Black "Jowett, Peter E"]
[Result "0-1"]
[WhiteElo "1640"]
[BlackElo "1945"]
[PlyCount "36"]
[EventDate "2008.07.23"]
[EventType "swiss"]
[EventRounds "5"]
[EventCountry "ENG"]
[SourceTitle "BritBase"]
[Source "John Saunders"]
[SourceDate "2024.12.03"]
[SourceVersion "1"]
[SourceVersionDate "2024.12.03"]
[SourceQuality "1"]

1. e4 e5 2. Bc4 Nf6 3. d3 c6 4. Nf3 Be7 5. O-O d6 6. a4 O-O 7. Re1 h6 8. Nbd2 Nh7 9. Nf1 Ng5 10. Nxg5 Bxg5 11. Ng3 Bxc1 12. Qxc1 d5 13. exd5 cxd5 14. Bb5 a6 15. Bxa6 Rxa6 16. Rxe5 Nc6 17. Re1 Nd4 18. c3 Nb3 0-1

[Event "Civil Service Ch 18th"]
[Site "Leeds"]
[Date "2008.07.23"]
[Round "1.6"]
[White "Lewyk, Ihor"]
[Black "Wedlock, Stephen L"]
[Result "1-0"]
[WhiteElo "1945"]
[BlackElo "1705"]
[PlyCount "53"]
[EventDate "2008.07.23"]
[EventType "swiss"]
[EventRounds "5"]
[EventCountry "ENG"]
[SourceTitle "BritBase"]
[Source "John Saunders"]
[SourceDate "2024.12.03"]
[SourceVersion "1"]
[SourceVersionDate "2024.12.03"]
[SourceQuality "1"]

1. Nf3 d5 2. d4 e6 3. e3 Nf6 4. Bd3 Be7 5. O-O O-O 6. Nbd2 b6 7. Qe2 Bb7 8. Ne5 Nbd7 9. f4 c5 10. c3 a5 11. Rf3 Ne4 12. Rh3 Ndf6 13. g4 g6 14. Qg2 cxd4 15. exd4 Nxd2 16. Bxd2 Qc7 17. f5 Ne4 18. Bh6 Rfd8 19. fxe6 fxe6 20. Rf1 Bf8 21. Rf7 Qc8 22. Be3 Bg7 23. Rxh7 Kxh7 24. Qh3+ Kg8 25. Rxg7+ Kxg7 26. Qh6+ Kf6 27. Bxe4 1-0

[Event "Civil Service Ch 18th"]
[Site "Leeds"]
[Date "2008.07.23"]
[Round "1.7"]
[White "Pollock, Andrew"]
[Black "Brusey, Alan W"]
[Result "0-1"]
[WhiteElo "1600"]
[BlackElo "1930"]
[PlyCount "66"]
[EventDate "2008.07.23"]
[EventType "swiss"]
[EventRounds "5"]
[EventCountry "ENG"]
[SourceTitle "BritBase"]
[Source "John Saunders"]
[SourceDate "2024.12.03"]
[SourceVersion "1"]
[SourceVersionDate "2024.12.03"]
[SourceQuality "1"]

1. e4 e6 2. Nf3 d5 3. exd5 exd5 4. d4 Bd6 5. g3 Bg4 6. Bg2 Nc6 7. O-O Nge7 8. Re1 Qd7 9. Nc3 O-O-O 10. Nb5 Bb4 11. c3 Ba5 12. b4 Bb6 13. a4 a5 14. bxa5 Nxa5 15. Bf4 f6 16. Qe2 Rde8 17. Qc2 g5 18. Be3 h5 19. Nd2 h4 20. Bf3 Bxf3 21. Nxf3 Qh3 22. Qe2 hxg3 23. fxg3 Nf5 24. Qf2 Nc4 25. Bd2 c6 26. Rxe8+ Rxe8 27. Na3 Ncd6 28. Re1 Ne4 29. Qg2 Qxg2+ 30. Kxg2 Kd7 31. Nc2 g4 32. Rxe4 gxf3+ 33. Kxf3 Rxe4 0-1

[Event "Civil Service Ch 18th"]
[Site "Leeds"]
[Date "2008.07.23"]
[Round "2.1"]
[White "Keil, Andreas"]
[Black "Lewyk, Ihor"]
[Result "1-0"]
[WhiteElo "1985"]
[BlackElo "1945"]
[PlyCount "73"]
[EventDate "2008.07.23"]
[EventType "swiss"]
[EventRounds "5"]
[EventCountry "ENG"]
[SourceTitle "BritBase"]
[Source "John Saunders"]
[SourceDate "2024.12.03"]
[SourceVersion "1"]
[SourceVersionDate "2024.12.03"]
[SourceQuality "1"]

1. d4 Nf6 2. c4 e6 3. g3 d5 4. Bg2 c6 5. Nf3 Be7 6. O-O O-O 7. Nbd2 Nbd7 8. b3 Re8 9. Bb2 Nf8 10. Ne5 N6d7 11. Nxd7 Nxd7 12. e4 dxe4 13. Nxe4 Nf6 14. Qc2 Nxe4 15. Bxe4 h6 16. Rad1 Bf6 17. Rfe1 Kh8 18. a3 Qc7 19. f4 Bd7 20. Kg2 Rad8 21. b4 Bc8 22. Bf3 Kg8 23. Rd2 b6 {(=)} 24. c5 b5 25. Bc3 Be7 26. Rde2 Bd7 27. h4 Bf6 28. Rd2 Qb8 29. Qe4 g6 30. h5 g5 31. Bd1 Be7 32. Bb3 a6 33. d5 cxd5 34. Qd4 f6 35. Qd3 f5 36. Qd4 e5 37. Qxd5+ 1-0

[Event "Civil Service Ch 18th"]
[Site "Leeds"]
[Date "2008.07.23"]
[Round "2.2"]
[White "Brusey, Alan W"]
[Black "Brocklehurst, Andrew"]
[Result "1/2-1/2"]
[WhiteElo "1945"]
[BlackElo "1960"]
[PlyCount "84"]
[EventDate "2008.07.23"]
[EventType "swiss"]
[EventRounds "5"]
[EventCountry "ENG"]
[SourceTitle "BritBase"]
[Source "John Saunders"]
[SourceDate "2024.12.03"]
[SourceVersion "1"]
[SourceVersionDate "2024.12.03"]
[SourceQuality "1"]

1. e4 c5 2. c3 d6 3. d4 cxd4 4. cxd4 Nf6 5. Nc3 e6 6. Nf3 Be7 7. Bd3 Nc6 8. O-O O-O 9. a3 Bd7 10. d5 Ne5 11. Nxe5 dxe5 12. Qb3 exd5 13. exd5 b6 14. Re1 h6 15. Bd2 Bc5 16. h3 Re8 17. Rad1 Rc8 18. Ba6 Rb8 19. Bd3 Qc8 20. Ne4 Nxe4 21. Bxe4 Qd8 22. Bf3 Qh4 23. Be3 {(=)} Ba4 24. Qc3 Bxd1 25. Bxd1 Bxe3 26. Rxe3 Rbc8 27. Rxe5 Rxc3 28. Rxe8+ Kh7 29. bxc3 Qg5 30. Bf3 Qc1+ 31. Kh2 Qf4+ 32. Kh1 Qc1+ 33. Kh2 Qxa3 34. Rc8 Qd6+ 35. g3 a5 36. Rc6 Qd8 37. d6 a4 38. Bd5 a3 39. Kg2 Qa8 40. d7 a2 41. d8=Q Qxd8 42. Bxa2 g6 1/2-1/2

[Event "Civil Service Ch 18th"]
[Site "Leeds"]
[Date "2008.07.23"]
[Round "2.3"]
[White "Jowett, Peter E"]
[Black "Wager, John D"]
[Result "1/2-1/2"]
[WhiteElo "1945"]
[BlackElo "1985"]
[PlyCount "51"]
[EventDate "2008.07.23"]
[EventType "swiss"]
[EventRounds "5"]
[EventCountry "ENG"]
[SourceTitle "BritBase"]
[Source "John Saunders"]
[SourceDate "2024.12.03"]
[SourceVersion "1"]
[SourceVersionDate "2024.12.03"]
[SourceQuality "1"]

1. e4 c5 2. c3 Nf6 3. e5 Nd5 4. d4 cxd4 5. cxd4 d6 6. Nf3 Nc6 7. Bc4 Nb6 8. Bb3 e6 9. O-O dxe5 10. dxe5 Qc7 11. Qe2 Bd7 12. Nc3 a6 13. Be3 Rd8 14. Ne4 Nc8 15. Rac1 Be7 16. Rfd1 O-O 17. Bf4 Be8 18. Rxd8 Qxd8 19. Qd2 Qxd2 20. Bxd2 N6a7 21. Nd4 Nc6 22. Nf3 Nb6 23. Be3 Nd7 24. Bf4 h6 25. h4 Nb6 26. Be3 1/2-1/2

[Event "Civil Service Ch 18th"]
[Site "Leeds"]
[Date "2008.07.23"]
[Round "2.4"]
[White "Bowers, Francis J"]
[Black "Maxwell, Alistair"]
[Result "1/2-1/2"]
[WhiteElo "1790"]
[BlackElo "1945"]
[PlyCount "49"]
[EventDate "2008.07.23"]
[EventType "swiss"]
[EventRounds "5"]
[EventCountry "ENG"]
[SourceTitle "BritBase"]
[Source "John Saunders"]
[SourceDate "2024.12.03"]
[SourceVersion "1"]
[SourceVersionDate "2024.12.03"]
[SourceQuality "1"]

1. e4 e5 2. Nf3 Nc6 3. Bb5 a6 4. Ba4 Nf6 5. O-O Nxe4 6. Re1 Nf6 7. Nxe5 Be7 8. d4 O-O 9. c3 b5 10. Bc2 Bb7 11. Qd3 d6 12. Ng4 g6 13. Nh6+ Kh8 14. Bg5 Nd5 15. Bxe7 Ncxe7 16. Qf3 Kg7 17. Ng4 f5 18. Ne3 Nxe3 19. Qxe3 Nd5 20. Qd2 Qh4 21. f3 Rae8 22. g3 Rxe1+ 23. Qxe1 Qd8 24. Nd2 Re8 25. Qf2 1/2-1/2

[Event "Civil Service Ch 18th"]
[Site "Leeds"]
[Date "2008.07.23"]
[Round "2.5"]
[White "Wolstencroft, Darryl"]
[Black "Thurlow, Kevin J"]
[Result "1-0"]
[WhiteElo "2105"]
[BlackElo "1895"]
[PlyCount "87"]
[EventDate "2008.07.23"]
[EventType "swiss"]
[EventRounds "5"]
[EventCountry "ENG"]
[SourceTitle "BritBase"]
[Source "John Saunders"]
[SourceDate "2024.12.03"]
[SourceVersion "1"]
[SourceVersionDate "2024.12.03"]
[SourceQuality "1"]

1. c4 Nf6 2. g3 g6 3. Bg2 Bg7 4. e4 d6 5. Ne2 O-O 6. O-O c6 7. Nbc3 e5 8. d3 Nbd7 9. h3 a6 10. a4 a5 11. f4 exf4 12. gxf4 Nh5 13. Be3 f5 14. exf5 Rxf5 15. Ne4 Qe7 16. Qd2 Nc5 17. Nxc5 dxc5 18. Rae1 Qd6 19. d4 cxd4 20. Nxd4 Bxd4 21. Bxd4 Be6 22. c5 Qd7 23. Qe3 Bd5 24. Be5 Bxg2 25. Kxg2 Qd5+ 26. Kh2 Re8 27. Qc3 Qf7 28. Bd6 g5 29. Rxe8+ Qxe8 30. Re1 Qf7 31. Re7 Qg6 32. Rxb7 gxf4 33. Rb8+ Kf7 34. Rf8+ Ke6 35. Qe1+ Kd5 36. Qd2+ Ke4 37. Re8+ Qxe8 38. Qe2+ Kd4 39. Qxe8 f3 40. Kg1 f2+ 41. Kf1 Nf6 42. Qe6 Ne4 43. Qxf5 Ng3+ 44. Bxg3 1-0

[Event "Civil Service Ch 18th"]
[Site "Leeds"]
[Date "2008.07.23"]
[Round "2.6"]
[White "Baker, Martin"]
[Black "Pollock, Andrew"]
[Result "1-0"]
[WhiteElo "1735"]
[BlackElo "1600"]
[PlyCount "85"]
[EventDate "2008.07.23"]
[EventType "swiss"]
[EventRounds "5"]
[EventCountry "ENG"]
[SourceTitle "BritBase"]
[Source "John Saunders"]
[SourceDate "2024.12.03"]
[SourceVersion "1"]
[SourceVersionDate "2024.12.03"]
[SourceQuality "1"]

1. Nf3 Nc6 2. d4 d5 3. g3 Nf6 4. Bg2 g6 5. O-O Bg7 6. c3 O-O 7. Nbd2 Re8 8. Re1 e5 9. dxe5 Nxe5 10. Nxe5 Rxe5 11. Nf3 Re8 12. Bg5 c6 13. Qc1 Qb6 14. Be3 Qc7 15. Bh6 Qb6 16. Bxg7 Kxg7 17. e3 Bf5 18. b3 Rad8 19. c4 dxc4 20. Qxc4 Be6 21. Qc3 Qc7 22. Rad1 Rxd1 23. Rxd1 Rd8 24. Rd4 Rxd4 25. Nxd4 Qe7 26. Ne2 c5 27. Nf4 b6 28. h4 Kg8 29. Qe5 Ng4 30. Qb8+ Kg7 31. f3 Nxe3 32. Qe5+ Qf6 33. Nxe6+ fxe6 34. Qxe3 Qa1+ 35. Kh2 e5 36. Qd2 Qd4 37. Qxd4 exd4 38. Bf1 Kf6 39. g4 Ke5 40. Kg3 h5 41. gxh5 gxh5 42. Bd3 Kf6 43. Kf4 1-0

[Event "Civil Service Ch 18th"]
[Site "Leeds"]
[Date "2008.07.23"]
[Round "2.7"]
[White "Wedlock, Stephen L"]
[Black "Woods, Timothy J"]
[Result "1/2-1/2"]
[WhiteElo "1705"]
[BlackElo "1640"]
[PlyCount "34"]
[EventDate "2008.07.23"]
[EventType "swiss"]
[EventRounds "5"]
[EventCountry "ENG"]
[SourceTitle "BritBase"]
[Source "John Saunders"]
[SourceDate "2024.12.03"]
[SourceVersion "1"]
[SourceVersionDate "2024.12.03"]
[SourceQuality "1"]

1. e4 d6 2. d4 Nf6 3. Nc3 g6 4. Bc4 Bg7 5. Nf3 O-O 6. h3 Nxe4 7. Bxf7+ Rxf7 8. Nxe4 h6 9. O-O Qf8 10. Nh2 Nc6 11. c3 e5 12. d5 Ne7 13. Ng3 Nf5 14. Qd3 Nxg3 15. Qxg3 Kh7 16. Ng4 Qe7 17. Re1 Bxg4 1/2-1/2

[Event "Civil Service Ch 18th"]
[Site "Leeds"]
[Date "2008.07.24"]
[Round "3.1"]
[White "Brocklehurst, Andrew"]
[Black "Keil, Andreas"]
[Result "1/2-1/2"]
[WhiteElo "1960"]
[BlackElo "1985"]
[PlyCount "43"]
[EventDate "2008.07.23"]
[EventType "swiss"]
[EventRounds "5"]
[EventCountry "ENG"]
[SourceTitle "BritBase"]
[Source "John Saunders"]
[SourceDate "2024.12.03"]
[SourceVersion "1"]
[SourceVersionDate "2024.12.03"]
[SourceQuality "1"]

1. e4 c5 2. Nf3 d6 3. Be2 Nf6 4. Nc3 g6 5. O-O Bg7 6. Re1 O-O 7. d4 cxd4 8. Nxd4 a6 9. h3 b5 10. Bf3 Ra7 11. Be3 Rd7 12. Qd2 Bb7 13. Bh6 Nc6 14. Bxg7 Kxg7 15. Nxc6 Bxc6 16. Rad1 Qb6 17. h4 h5 18. Nd5 Bxd5 19. exd5 b4 20. Re3 Rc8 21. Rde1 Rdc7 22. R1e2 1/2-1/2

[Event "Civil Service Ch 18th"]
[Site "Leeds"]
[Date "2008.07.24"]
[Round "3.3"]
[White "Maxwell, Alistair"]
[Black "Brusey, Alan W"]
[Result "1/2-1/2"]
[WhiteElo "1930"]
[BlackElo "1930"]
[PlyCount "73"]
[EventDate "2008.07.23"]
[EventType "swiss"]
[EventRounds "5"]
[EventCountry "ENG"]
[SourceTitle "BritBase"]
[Source "John Saunders"]
[SourceDate "2024.12.03"]
[SourceVersion "1"]
[SourceVersionDate "2024.12.03"]
[SourceQuality "1"]

1. c4 c6 2. e4 d5 3. exd5 cxd5 4. d4 Nc6 5. Nc3 Nf6 6. cxd5 Nxd5 7. Nf3 e6 8. Bd3 Be7 9. O-O O-O 10. Re1 Ncb4 11. Bb1 Nf6 12. a3 Nbd5 13. Qd3 b6 14. Bg5 g6 15. Qd2 {(=)} Bb7 16. Ne4 Nxe4 17. Bxe4 Bxg5 18. Qxg5 Qxg5 19. Nxg5 Rfd8 20. Rec1 Rab8 21. Rc2 Rd7 22. h4 h6 23. Nf3 Nb4 24. Re2 Bxe4 25. Rxe4 Nd5 26. Rc1 Rbd8 27. Re2 Ne7 28. Rec2 Nf5 29. Rc7 Nxd4 30. Nxd4 Rxd4 31. Rxa7 Rxh4 32. g3 Rhd4 33. Rcc7 Rf8 34. Rc6 b5 35. Rb7 b4 36. axb4 Rd2 37. b5 1/2-1/2

[Event "Civil Service Ch 18th"]
[Site "Leeds"]
[Date "2008.07.24"]
[Round "3.4"]
[White "Wager, John D"]
[Black "Baker, Martin"]
[Result "1/2-1/2"]
[WhiteElo "1985"]
[BlackElo "1735"]
[PlyCount "104"]
[EventDate "2008.07.23"]
[EventType "swiss"]
[EventRounds "5"]
[EventCountry "ENG"]
[SourceTitle "BritBase"]
[Source "John Saunders"]
[SourceDate "2024.12.03"]
[SourceVersion "1"]
[SourceVersionDate "2024.12.03"]
[SourceQuality "1"]

1. Nf3 d5 2. b3 c5 3. Bb2 Nc6 4. e3 Bg4 5. Bb5 e6 6. h3 Bxf3 7. Bxc6+ bxc6 8. Qxf3 Nf6 9. Bxf6 Qxf6 10. Qxf6 gxf6 11. f4 f5 12. c3 Kd7 13. Na3 Be7 14. g3 Rhb8 15. Nc2 a5 16. Ke2 a4 17. g4 fxg4 18. hxg4 axb3 19. axb3 Rxa1 20. Nxa1 Rh8 21. Nc2 Bf6 22. Ne1 Kd6 23. Nd3 Bg7 24. Kf3 h6 25. Ra1 h5 26. gxh5 Rxh5 27. Ra7 Rf5 28. Ra5 c4 29. bxc4 dxc4 30. Nb2 Rxa5 31. Nxc4+ Kd5 32. Nxa5 f5 33. d4 Bf8 34. c4+ Kd6 35. Ke2 Be7 36. Kd3 Kd7 37. Nb3 Bb4 38. Nd2 Ba5 39. Nb3 Bb6 40. e4 Ke7 41. e5 Kd7 42. d5 cxd5 43. cxd5 exd5 44. Nd4 Bxd4 45. Kxd4 Kc6 46. e6 Kd6 47. e7 Kxe7 48. Kxd5 Kf6 49. Kd6 Kf7 50. Ke5 Ke7 51. Kxf5 Kf7 52. Ke5 Ke7 1/2-1/2

[Event "Civil Service Ch 18th"]
[Site "Leeds"]
[Date "2008.07.24"]
[Round "3.5"]
[White "Lewyk, Ihor"]
[Black "Bowers, Francis J"]
[Result "1-0"]
[WhiteElo "1945"]
[BlackElo "1790"]
[PlyCount "75"]
[EventDate "2008.07.23"]
[EventType "swiss"]
[EventRounds "5"]
[EventCountry "ENG"]
[SourceTitle "BritBase"]
[Source "John Saunders"]
[SourceDate "2024.12.03"]
[SourceVersion "1"]
[SourceVersionDate "2024.12.03"]
[SourceQuality "1"]

1. Nf3 Nf6 2. d4 g6 3. e3 Bg7 4. Bd3 d6 5. O-O O-O 6. c4 Nc6 7. Nc3 e5 8. d5 Ne7 9. e4 Ne8 10. Bd2 h6 11. Qc1 Kh7 12. Ne1 f5 13. f4 fxe4 14. Nxe4 exf4 15. Rxf4 Rxf4 16. Bxf4 Bf5 {(=)} 17. Qc2 Qd7 18. Nf3 g5 19. Be3 c5 20. Rf1 Bg6 21. Nfxg5+ hxg5 22. Nxg5+ Kh6 23. Ne6+ Kh7 24. Bxg6+ Nxg6 25. Rf3 Nf6 26. Rh3+ Kg8 27. Qxg6 Qf7 28. Rh8+ Kxh8 29. Qxf7 Rg8 30. Bg5 Nh7 31. Nxg7 Rxg7 32. Bf6 Nxf6 33. Qxf6 a6 34. Qxd6 b5 35. Qxc5 bxc4 36. d6 c3 37. Qxc3 Kg8 38. Qc8+ 1-0

[Event "Civil Service Ch 18th"]
[Site "Leeds"]
[Date "2008.07.24"]
[Round "3.6"]
[White "Thurlow, Kevin J"]
[Black "Wedlock, Stephen L"]
[Result "1-0"]
[WhiteElo "1895"]
[BlackElo "1705"]
[PlyCount "187"]
[EventDate "2008.07.23"]
[EventType "swiss"]
[EventRounds "5"]
[EventCountry "ENG"]
[SourceTitle "BritBase"]
[Source "John Saunders"]
[SourceDate "2024.12.03"]
[SourceVersion "1"]
[SourceVersionDate "2024.12.03"]
[SourceQuality "1"]

1. c4 e5 2. Nc3 Nf6 3. Nf3 d6 4. e3 Be7 5. d4 exd4 6. Nxd4 O-O 7. Bd3 Nc6 8. b3 Re8 9. O-O Bf8 10. Bb2 g6 11. Nxc6 bxc6 12. Qf3 Bb7 13. Ne2 Bg7 14. Ng3 d5 15. Rad1 Qe7 16. Rfe1 Nd7 17. Bxg7 Kxg7 18. Qf4 Ne5 19. Be2 Rad8 20. h4 Qf6 21. cxd5 cxd5 22. Qb4 Bc8 23. h5 Re6 24. Rc1 Rb6 25. Qa4 Ba6 26. Rxc7 Bxe2 27. Nxe2 Ra6 28. Qd4 Rxa2 29. f4 Ng4 30. Nc3 Rc2 31. Qxf6+ Nxf6 32. hxg6 hxg6 33. Nxd5 Rxc7 34. Nxc7 Rd3 35. b4 Ng4 36. e4 Ne3 37. b5 Nc2 38. Rc1 Nd4 39. Ra1 Rb3 40. Rxa7 Nxb5 41. Nxb5 Rxb5 42. Kf2 Rb3 43. e5 Kf8 44. g3 Rd3 45. Kg2 Re3 46. Kh3 g5 47. Kg4 gxf4 48. gxf4 Kg7 49. Kf5 Re1 50. Rb7 Re2 51. Rb3 Rg2 52. Rh3 Rg6 53. Rd3 Ra6 54. Rd6 Ra5 55. Kg4 Kf8 56. e6 fxe6 57. Rxe6 Kf7 58. Rb6 Ra1 59. Kg5 Rg1+ 60. Kf5 Rh1 61. Rb7+ Kf8 62. Kg6 Ke8 63. f5 Rg1+ 64. Kf6 Kd8 65. Kf7 Rh1 66. Rb4 Rh7+ 67. Kg6 Rh1 68. Re4 Rg1+ 69. Kf7 Kd7 70. Rd4+ Kc6 71. f6 Kc5 72. Rd2 Rg3 73. Kf8 Kc6 74. f7 Ra3 75. Rf2 Ra8+ 76. Kg7 Ra7 77. Kg6 Ra8 78. f8=Q Rxf8 79. Rxf8 Kd6 80. Kf6 Kd5 81. Re8 Kd4 82. Kf5 Kd3 83. Kf4 Kd2 84. Kf3 Kd1 85. Kf2 Kd2 86. Rd8+ Kc3 87. Ke3 Kc4 88. Rd1 Kc5 89. Ke4 Kc6 90. Ke5 Kc7 91. Ke6 Kc8 92. Ke7 Kc7 93. Rc1+ Kb6 94. Kd6 {and white won - both players were down to a minute or so} 1-0

[Event "Civil Service Ch 18th"]
[Site "Leeds"]
[Date "2008.07.24"]
[Round "3.7"]
[White "Woods, Timothy J"]
[Black "Pollock, Andrew"]
[Result "1/2-1/2"]
[WhiteElo "1640"]
[BlackElo "1600"]
[PlyCount "76"]
[EventDate "2008.07.23"]
[EventType "swiss"]
[EventRounds "5"]
[EventCountry "ENG"]
[SourceTitle "BritBase"]
[Source "John Saunders"]
[SourceDate "2024.12.03"]
[SourceVersion "1"]
[SourceVersionDate "2024.12.03"]
[SourceQuality "1"]

1. e4 e5 2. Bc4 Nf6 3. d3 Bc5 4. Nf3 d6 5. c3 O-O 6. O-O Bg4 7. Nbd2 Nbd7 8. Re1 Re8 9. Nf1 h6 10. Ng3 Be6 11. h3 Bxc4 12. dxc4 Nf8 13. Nf5 Ng6 14. N3h4 Nxh4 15. Nxh4 Nh7 16. Nf5 Qf6 17. Be3 Bxe3 18. Rxe3 Rad8 19. Rg3 Ng5 20. Qe2 Ne6 21. Qe3 b6 22. Nxh6+ Kh7 23. Nf5 Rg8 24. Rg4 Rh8 25. Rh4+ Kg8 26. Rxh8+ Kxh8 27. g3 Kg8 28. h4 g6 29. Nh6+ Kf8 30. Ng4 Qg7 31. Nh2 Ke7 32. Nf3 Rh8 33. Ng5 Nxg5 34. Qxg5+ Kd7 35. Kg2 f6 36. Qg4+ Ke7 37. Rh1 Qf7 38. b3 Qh7 1/2-1/2

[Event "Civil Service Ch 18th"]
[Site "Leeds"]
[Date "2008.07.24"]
[Round "4.1"]
[White "Keil, Andreas"]
[Black "Jowett, Peter E"]
[Result "1/2-1/2"]
[WhiteElo "1975"]
[BlackElo "1945"]
[PlyCount "183"]
[EventDate "2008.07.23"]
[EventType "swiss"]
[EventRounds "5"]
[EventCountry "ENG"]
[SourceTitle "BritBase"]
[Source "John Saunders"]
[SourceDate "2024.12.03"]
[SourceVersion "1"]
[SourceVersionDate "2024.12.03"]
[SourceQuality "1"]

1. d4 c5 2. d5 e5 3. e4 d6 4. Bb5+ Nd7 5. a4 Be7 6. Ne2 a6 7. Bd3 Qc7 8. Nd2 Ngf6 9. Ng3 Nf8 10. a5 b5 11. axb6 Qxb6 12. Nc4 Qa7 13. Nh5 Nxh5 14. Qxh5 Ng6 15. O-O O-O 16. g3 Bd7 17. Be3 Qc7 18. b3 Bb5 19. Qe2 Rab8 20. Na5 Rfe8 21. Bxb5 axb5 22. Nc6 Rb7 23. Ra5 b4 24. Rfa1 Bf6 25. Ra7 Ne7 26. Qb5 Rxb5 27. Rxc7 Nxc6 28. Rxc6 Be7 29. Ra7 Kf8 30. Rcc7 Rbb8 31. Kf1 Rbc8 32. Rxc8 Rxc8 33. Ra4 Ke8 34. Ke2 h6 35. Kd3 Rb8 36. Ra7 Bg5 37. h4 Bxe3 38. Kxe3 Rc8 39. Kd3 Rb8 40. Kc4 Rb6 41. f4 exf4 42. gxf4 Rb8 43. e5 dxe5 44. fxe5 g5 45. hxg5 hxg5 46. Kd3 Rb6 47. Ra8+ Ke7 48. Rg8 f6 49. Rg7+ Kf8 50. exf6 Rxf6 51. Rxg5 Rf3+ 52. Kd2 Ke7 53. Rg6 Rf5 54. Kd3 Rxd5+ 55. Kc4 Rd2 56. Kxc5 Rxc2+ 57. Kxb4 Kd7 58. Kb5 Rh2 59. b4 Kc7 60. Rg7+ Kb8 61. Ka5 Rh1 62. Ka6 Rh6+ 63. Ka5 Rh1 64. b5 Ra1+ 65. Kb6 Kc8 66. Rc7+ Kb8 67. Rb7+ Kc8 68. Rc7+ Kb8 69. Rh7 Kc8 70. Rh8+ Kd7 71. Kb7 Kd6 72. Rc8 Rb1 73. b6 Kd7 74. Rc4 Kd6 75. Ka7 Kd5 76. Rc8 Kd6 77. b7 Ra1+ 78. Kb8 Kd7 79. Rc4 Rb1 80. Ka7 Ra1+ 81. Kb6 Rb1+ 82. Ka6 Ra1+ 83. Kb6 Rb1+ 84. Ka7 Ra1+ 85. Kb8 Rb1 86. Rc5 Rb2 87. Ka7 Ra2+ 88. Kb6 Rb2+ 89. Rb5 Rxb5+ 90. Kxb5 Kc7 91. Ka6 Kb8 92. Kb6 1/2-1/2